LEADER 00898nam0-22002651i-450- 001 990004458600403321 005 20140617092010.0 035 $a000445860 035 $aFED01000445860 035 $a(Aleph)000445860FED01 035 $a000445860 100 $a19990604d1926----km-y0itay50------ba 101 0 $aeng 105 $ay-------001yy 200 1 $a<>eastern schism a study of the Papacy and the eastern churches during the XIth and XIIth centuries$fSteven Runciman 210 $aOxford$cAt the Clarendon Press$d1926 215 $aVII, 189 p.$d19 cm 700 1$aRunciman,$bSteven$f<1903-2000>$0140224 801 0$aIT$bUNINA$gRICA$2UNIMARC 901 $aBK 912 $a990004458600403321 952 $a6/I L 26$bBibl. 29693$fFLFBC 959 $aFLFBC 996 $aEastern schism a study of the Papacy and the eastern churches during the XIth and XIIth centuries$9544042 997 $aUNINA LEADER 01653nam 2200373Ia 450 001 996387388303316 005 20200818221050.0 035 $a(CKB)4940000000084689 035 $a(EEBO)2240924094 035 $a(OCoLC)ocm24351658e 035 $a(OCoLC)24351658 035 $a(EXLCZ)994940000000084689 100 $a19910910d1618 uy | 101 0 $aeng 135 $aurbn||||a|bb| 200 10$aBy the Queene$b[electronic resource] $eforasmuch as the Queenes Maiestie our soueraigne ladie is crediblie enformed that the infection of the plague is at this present in sundry places in & about the citie of London ... Her Maiestie for the sayde necessarie consyderations ... is pleased and contented to adiourne the sayde terme of Saint Michael .. 210 $a[London] $cImprinted at London in Powles Churchyarde by Richard Iugge and Iohn Cawood [i.e. B. Norton and J. Bill] ... $d[ca. 1618] 215 $a1 broadside 300 $aSecond part of title from first 12 lines of text. 300 $aPublishers and date of imprint suggested by STC (2nd ed.). 300 $a"Gyuen at our manour of Reading, the xxiiii. day of September, in the twelth yere of her Maiesties raigne." 300 $aReproduction of original in the Harvard University. Library. 330 $aeebo-0062 606 $aProclamations$zGreat Britain 607 $aGreat Britain$xHistory$yElizabeth, 1558-1603 615 0$aProclamations 701 $aElizabeth$cQueen of England,$f1533-1603.$0996842 801 0$bEBL 801 1$bEBL 801 2$bWaOLN 906 $aBOOK 912 $a996387388303316 996 $aBy the Queene$92299089 997 $aUNISA LEADER 06972nam 22007935 450 001 9910886994203321 005 20250730140257.0 010 $a9783031712913 010 $a3031712919 024 7 $a10.1007/978-3-031-71291-3 035 $a(MiAaPQ)EBC31652779 035 $a(Au-PeEL)EBL31652779 035 $a(CKB)34909802900041 035 $a(DE-He213)978-3-031-71291-3 035 $a(EXLCZ)9934909802900041 100 $a20240909d2024 u| 0 101 0 $aeng 135 $aurcnu|||||||| 181 $ctxt$2rdacontent 182 $cc$2rdamedia 183 $acr$2rdacarrier 200 10$aDiagrammatic Representation and Inference $e14th International Conference, Diagrams 2024, Münster, Germany, September 27 ? October 1, 2024, Proceedings /$fedited by Jens Lemanski, Mikkel Willum Johansen, Emmanuel Manalo, Petrucio Viana, Reetu Bhattacharjee, Richard Burns 205 $a1st ed. 2024. 210 1$aCham :$cSpringer Nature Switzerland :$cImprint: Springer,$d2024. 215 $a1 online resource (497 pages) 225 1 $aLecture Notes in Artificial Intelligence,$x2945-9141 ;$v14981 311 08$a9783031712906 311 08$a3031712900 320 $aIncludes bibliographical references and index. 327 $a -- Keynote Talks. -- How can we make trustworthy AI?. -- A dialogical account of diagrams in mathematical proofs. -- Where Diagrams Come From. -- Analysis of Diagrams. -- Diagrams and their role in economics as problem-solving devices and knowledge-improving tools. The case of the Phillip Machine. -- Why Feynman Diagrams Are Worth 10,000 formulas: A Representational Epistemic Analysis. -- 12 questions, 19 visual encoding techniques, and 101 types of visualization ? each described by a systematically generated sentence. -- Domain-Specific Rules Override Aesthetic Graph Drawing Criteria: An Exploration of User-Generated Diagrams. -- Generating Qualitative Descriptions of Diagrams with a Transformer-based Language Model. -- Diagram Control and Model Order for Sugiyama Layouts. -- B42: the Geometry of 4-Valued Contradiction. -- A Way Diagrams Explain: Analysis Based on Consequence Matching. -- Euler Diagrams, Aristotelian Diagrams and Syllogistics. -- What Does it Mean that Diagrams Represent Constructions?. -- The Topology of Assertion: A Diagrammatic Rationale for Our Enduring Love of Truth. -- Schopenhauer's Sorites Diagram. -- Category Theory for Aristotelian Diagrams: The Debate on Singular Propositions. -- Euler and Venn Diagrams. -- Rectangular Euler Diagrams and Order Theory. -- Reference by Occurrence. -- EulerMerge: Simplifying Euler Diagrams Through Set Merges. -- Representing uncertainty with expanded Ueberweg diagrams. -- Indeterminate set space diagrams. -- Can Euler Diagrams Improve Syllogistic Reasoning in Large Language Models?. -- Diagrams in Logic. -- Mozi's Square of Opposition and Logemes as New Logical Approach. -- Implicational Existential Graphs. -- Aristotelian Diagrams as Logic Diagrams. -- Sentence Negation and Term Negation as Syntactic Operations in Diagram Logic. -- Playing Games with Diagrams: Truth Diagrams and Game Semantics. -- Peirce?s extended Euler diagrams and the system Atl based on Ladd-Franklin?s exclusion relations. -- Diagrams and Applications. -- Anxiety Moderates the Effects of Drawing Support on Drawing Accuracy in Mathematical Modeling. -- Learning magnitude of energy consumption with symbolic or iconic representations. -- Designing a Mind-Mapping-Assisted Comparative Literature Course in Chinese Academic Settings. -- Integration of Learning Through the Use of Self-Constructed Diagrams: Opportunities and Challenges. -- Chinese Children? Drawing in Science Class. -- Diagram Tools. -- Hoop Diagrams: A Set Visualization Method. -- Building a large dataset of human-generated captions for science diagrams. -- KIELER: A Text-First Framework for Automatic Diagramming of Complex Systems. -- Historical Aspects of Diagrams. -- Drawing Technology: Sketches of Isambard Kingdom Brunel. -- On the Expressivity of Byzantine Diagrams in Logic. -- Posters. -- An Innovative Approach to Diagrams Representation: The Marlo Diagrams Web Page. -- Codifying Visual Representations. -- A diagram helping the mathematical problem solving procedure. -- Collaborative Graph-Document Composition Is Easy and Enhances Critical-Thinking Skills without Extra Cost. -- An eye-tracking study on the effects of using highlighted multi-attribute tables: A preliminary report. -- Spoiled Games: Mimesis & Phenomenology. -- The Region Connection Calculus, Euler Diagrams and Aristotelian Diagrams. -- Between pro/con-lists and argument graphs: Finding the right level of complexity in argumentation representation. -- Diagrammatic analogical reasoning. 330 $aThis book constitutes the refereed proceedings of the 14th International Conference on the Theory and Application of Diagrams, Diagrams 2024, held in Münster, Germany, during September 27?October 1, 2024. The 17 full papers, 19 short papers and 11 papers of other types included in this book were carefully reviewed and selected from 69 submissions. They were organized in topical sections as follows: Keynote Talks; Analysis of Diagrams; Euler and Venn Diagrams; Diagrams in Logic; Diagrams and Applications; Diagram Tools; Historical Aspects of Diagrams; and Posters. 410 0$aLecture Notes in Artificial Intelligence,$x2945-9141 ;$v14981 606 $aArtificial intelligence 606 $aUser interfaces (Computer systems) 606 $aHuman-computer interaction 606 $aData structures (Computer science) 606 $aInformation theory 606 $aComputer programming 606 $aCompilers (Computer programs) 606 $aComputer science 606 $aArtificial Intelligence 606 $aUser Interfaces and Human Computer Interaction 606 $aData Structures and Information Theory 606 $aProgramming Techniques 606 $aCompilers and Interpreters 606 $aTheory of Computation 615 0$aArtificial intelligence. 615 0$aUser interfaces (Computer systems) 615 0$aHuman-computer interaction. 615 0$aData structures (Computer science) 615 0$aInformation theory. 615 0$aComputer programming. 615 0$aCompilers (Computer programs) 615 0$aComputer science. 615 14$aArtificial Intelligence. 615 24$aUser Interfaces and Human Computer Interaction. 615 24$aData Structures and Information Theory. 615 24$aProgramming Techniques. 615 24$aCompilers and Interpreters. 615 24$aTheory of Computation. 676 $a006.6 702 $aLemanski$b Jens 801 0$bMiAaPQ 801 1$bMiAaPQ 801 2$bMiAaPQ 906 $aBOOK 912 $a9910886994203321 996 $aDiagrammatic Representation and Inference$9772658 997 $aUNINA